| 000 | 00474nam a2200205Ia 4500 | ||
|---|---|---|---|
| 003 | OSt | ||
| 005 | 20230503151540.0 | ||
| 008 | 210423s1967 xx 000 0 und d | ||
| 020 | _a8122420923 | ||
| 040 | _cAL | ||
| 041 | _aeng | ||
| 082 | _a574.1925 DIXM | ||
| 100 |
_aDIXON (Malcolm);WEBB (Edwin). _997250 |
||
| 245 | _aEnzymes. | ||
| 260 |
_aNew York _bAcademic Press _c1967 |
||
| 300 |
_axxvii,604 _bPB |
||
| 365 | _cINR | ||
| 906 | _aEnzymes | ||
| 942 |
_2ddc _cBK |
||
| 999 |
_c163129 _d163129 |
||